Normal view
MARC view
Entry Personal Name
001 - CONTROL NUMBER
- control field: 20532
003 - CONTROL NUMBER IDENTIFIER
- control field: ARRUPE
005 - DATE AND TIME OF LATEST TRANSACTION
- control field: 20151024141247.0
008 - FIXED-LENGTH DATA ELEMENTS
- fixed length control field: 151024|| aca||aabn | a|a d
040 ## - CATALOGING SOURCE
- Original cataloging agency: ARRUPE
- Transcribing agency: ARRUPE
100 ## - HEADING--PERSONAL NAME
- Personal name: Chaucer, Geoffrey,
- Dates associated with a name: -1400.
670 ## - SOURCE DATA FOUND
- Source citation: Work cat.: (ARRUPE)0: Chaucer, Geoffrey, -1400., The Riverside Chaucer /, c1987.